000 nam a22 a 4500
999 _c389
_d389
003 AKMAL
005 20170503154012.0
008 170503s1995 my 00 may d
020 _a967610521X (kkt.):
_cRM 7.90
040 _aAKMAL
082 0 4 _a006 PIL
090 _a006
_bPIL
100 1 _aPillai, Peter S.
_9828
245 1 0 _aWINDOWS 4 /
_cPeter S. Pillai
260 _aKuala Lumpur :
_bUtusan Publications & Distributors,
_c1995
300 _a81ms. :
_bil. ;
_c26cm
650 _aWindows (Computer programs)
_9720
942 _2ddc
_cBOOK